000
00269nam a22001097a 4500
082
_a
621.388 TEL
100
_a
OLIVER, W.
_9
77281
245
_a
TV TROUBLE SHOOTERS HANDBOOK BLACK & WITE/ COLOUR
260
_a
ENGLAND
_b
FOULSHAM TAB
_c
1974
300
_a
284P
942
_c
BK
999
_c
582578
_d
582578